000
00378nam a2200181Ia 4500
003
0100
008
130303s9999 xx 000 0 und d
040
_c
ARRUPELIB
050
_a
LB1025.H63 1954
100
_a
Highet, Gilbert
245
4
_a
The art of teaching
260
_a
NY
260
_b
Knopf
260
_C
1954
300
_a
291p
650
_b
Aristotle
942
0
0
_0
3
999
_c
52885
_d
52885